|
|
|
|
| LEADER |
00805nam a22002297a 4500 |
| 001 |
38388 |
| 003 |
BD-DhAAL |
| 008 |
220413t1972 enk 000 0 eng d |
| 999 |
|
|
|c 43997
|d 43997
|
| 020 |
|
|
|a 9780571099153
|
| 040 |
|
|
|a BD-DhAAL
|c BD-DhAAL
|
| 082 |
|
|
|a 821
|2 23
|
| 100 |
|
|
|a Hughes, T.
|9 48017
|
| 245 |
|
|
|a Crow :
|b from the life and songs of the crow /
|c Ted Hughes.
|
| 300 |
|
|
|a 89 pages ;
|c 20 cm.
|
| 526 |
|
|
|a ENH
|
| 541 |
|
|
|a Karim International
|e 38388
|
| 650 |
|
|
|a English poetry.
|9 48018
|
| 650 |
|
|
|a English language.
|9 48019
|
| 852 |
|
|
|a Ayesha Abed Library
|c General Stacks
|
| 942 |
|
|
|2 ddc
|c BK
|
| 952 |
|
|
|0 0
|1 0
|2 ddc
|4 0
|6 821_000000000000000_HUG
|7 0
|9 70415
|a BRACUL
|b BRACUL
|c GEN
|d 2022-04-07
|e Karim International
|g 1880.00
|l 1
|m 3
|o 821 HUG
|p 3010038388
|r 2025-04-24
|s 2025-04-09
|t 1
|v 1880.00
|w 2022-04-07
|y BK
|